[Event "European School Championships"]
[Site "Rhodes, Greece"]
[Date "2022.04.26"]
[Round "6.2"]
[White "Cengel, Edibe Eylul"]
[Black "Saraci, Rinesa"]
[Result "1/2-1/2"]
[WhiteElo "1544"]
[BlackElo "1474"]
[PlyCount "132"]
[EventDate "2022.04.21"]
[EventRounds "9"]

1. e4 {[%emt 0:00:02]} e5 {[%emt 0:00:11]} 2. Nf3 {[%emt 0:00:06]} Nc6 {
[%emt 0:00:06]} 3. Bc4 {[%emt 0:00:03]} Nf6 {[%emt 0:00:12]} 4. d3 {[%emt 0:00:
12]} Bc5 {[%emt 0:00:21]} 5. O-O {[%emt 0:00:41]} h6 {[%emt 0:00:48]} 6. c3 {
[%emt 0:04:16]} d6 {[%emt 0:01:49]} 7. Nbd2 {[%emt 0:05:52]} O-O {[%emt 0:01:
02]} 8. h3 {[%emt 0:02:28]} a6 {[%emt 0:06:06]} 9. Bb3 {[%emt 0:01:12]} Be6 {
[%emt 0:00:57]} 10. Re1 {[%emt 0:00:29]} Bb6 {[%emt 0:05:47]} 11. Nc4 {[%emt 0:
03:11]} Ba7 {[%emt 0:08:48]} 12. Be3 {[%emt 0:12:38]} Re8 {[%emt 0:04:53]} 13.
Bxa7 {[%emt 0:06:01]} Nxa7 {[%emt 0:03:03]} 14. Ne3 {[%emt 0:09:14]} Qd7 {
[%emt 0:02:52]} 15. Bc2 {[%emt 0:14:38]} c6 {[%emt 0:07:59]} 16. d4 {[%emt 0:
08:31]} Qc7 {[%emt 0:07:10]} 17. d5 {[%emt 0:09:25]} Bd7 {[%emt 0:02:00]} 18.
Nh4 {[%emt 0:02:54]} Nc8 {[%emt 0:05:30]} 19. Nhf5 {[%emt 0:02:57]} Ne7 {
[%emt 0:00:51]} 20. dxc6 {[%emt 0:01:57]} Bxf5 {[%emt 0:08:12]} 21. cxb7 {
[%emt 0:10:09]} Qxb7 {[%emt 0:00:45]} 22. exf5 {[%emt 0:00:45]} Qxb2 {[%emt 0:
02:32]} 23. Qxd6 {[%emt 0:00:27]} Qxc3 {[%emt 0:00:54]} 24. Ba4 {[%emt 0:01:58]
} Nc8 {[%emt 0:04:51]} 25. Qd1 {[%emt 0:01:07]} Rf8 {[%emt 0:03:24]} 26. Rb1 {
[%emt 0:01:00]} Qc7 {[%emt 0:03:47]} 27. Nd5 {[%emt 0:00:24]} Nxd5 {[%emt 0:00:
58]} 28. Qxd5 {[%emt 0:00:04]} Nb6 {[%emt 0:00:18]} 29. Qc6 {[%emt 0:00:32]}
Qxc6 {[%emt 0:01:58]} 30. Bxc6 {[%emt 0:00:04]} Rab8 {[%emt 0:00:10]} 31. Rxe5
{[%emt 0:00:27]} Nc4 {[%emt 0:01:16]} 32. Rxb8 {[%emt 0:00:48]} Nxe5 {[%emt 0:
01:54]} 33. Rxf8+ {[%emt 0:00:05]} Kxf8 {[%emt 0:00:06]} 34. Bd5 {[%emt 0:00:
53]} Ke7 {[%emt 0:01:54]} 35. Kf1 {[%emt 0:00:50]} f6 {[%emt 0:00:33]} 36. Ke2
{[%emt 0:00:34]} Kd6 {[%emt 0:00:11]} 37. Bb3 {[%emt 0:00:37]} Kc5 {[%emt 0:00:
27]} 38. Ke3 {[%emt 0:00:45]} a5 {[%emt 0:01:38]} 39. f4 {[%emt 0:00:39]} Nc4+
{[%emt 0:01:52]} 40. Kd3 {[%emt 0:00:29]} Nd6 {[%emt 0:00:39]} 41. Be6 {
[%emt 0:05:12]} Kb4 {[%emt 0:00:51]} 42. g4 {[%emt 0:05:14]} Ka3 {[%emt 0:02:
43]} 43. h4 {[%emt 0:07:40]} Kb2 {[%emt 0:01:17]} 44. a4 {[%emt 0:02:33]} Ka3 {
[%emt 0:00:19]} 45. Bd7 {[%emt 0:00:08]} Kb4 {[%emt 0:00:17]} 46. Kd4 {[%emt 0:
05:16]} Nb7 {[%emt 0:00:11]} 47. g5 {[%emt 0:01:37]} Nc5 {[%emt 0:00:06]} 48.
gxh6 {[%emt 0:00:50]} gxh6 {[%emt 0:00:05]} 49. Be8 {[%emt 0:03:57]} Nxa4 {
[%emt 0:00:08]} 50. Kd5 {[%emt 0:00:27]} Nc5 {[%emt 0:00:22]} 51. Kd6 {[%emt 0:
00:25]} a4 {[%emt 0:00:04]} 52. Bxa4 {[%emt 0:01:16]} Nxa4 {[%emt 0:00:07]} 53.
Ke6 {[%emt 0:00:05]} Kc5 {[%emt 0:03:39]} 54. Kxf6 {[%emt 0:00:13]} Kd6 {
[%emt 0:01:01]} 55. h5 {[%emt 0:01:59]} Nc5 {[%emt 0:00:58]} 56. Kg7 {[%emt 0:
00:17]} Nd7 {[%emt 0:00:48]} 57. Kxh6 {[%emt 0:00:41]} Ke7 {[%emt 0:00:19]} 58.
Kg7 {[%emt 0:00:11]} Nf6 {[%emt 0:00:17]} 59. h6 {[%emt 0:00:30]} Nh5+ {
[%emt 0:00:08]} 60. Kg6 {[%emt 0:01:08]} Nf6 {[%emt 0:00:18]} 61. Kg7 {[%emt 0:
00:44]} Nh5+ {[%emt 0:00:08]} 62. Kg8 {[%emt 0:00:39]} Nf6+ {[%emt 0:00:25]}
63. Kg7 {[%emt 0:00:13]} Nh5+ {[%emt 0:00:07]} 64. Kg6 {[%emt 0:00:24]} Nf6 {
[%emt 0:00:08]} 65. h7 {[%emt 0:00:20]} Nxh7 {[%emt 0:00:06]} 66. Kxh7 {
[%emt 0:00:02]} Kf6 {[%emt 0:00:08]} 1/2-1/2

[Event "European School Championships"]
[Site "Rhodes, Greece"]
[Date "2022.04.27"]
[Round "7.2"]
[White "Chuchukova, Stefani"]
[Black "Keskin, Elif"]
[Result "1/2-1/2"]
[WhiteElo "1711"]
[BlackElo "1692"]
[PlyCount "38"]
[EventDate "2022.04.21"]
[EventRounds "9"]

1. d4 {[%emt 0:00:02]} Nf6 {[%emt 0:00:06]} 2. Bg5 {[%emt 0:00:09]} g6 {
[%emt 0:00:07]} 3. Bxf6 {[%emt 0:00:08]} exf6 {[%emt 0:00:01]} 4. e4 {[%emt 0:
00:32]} Bg7 {[%emt 0:00:58]} 5. Nf3 {[%emt 0:01:45]} O-O {[%emt 0:01:05]} 6.
Bd3 {[%emt 0:02:10]} d6 {[%emt 0:03:24]} 7. O-O {[%emt 0:00:19]} Nc6 {[%emt 0:
01:11]} 8. c3 {[%emt 0:00:52]} Re8 {[%emt 0:06:05]} 9. Nbd2 {[%emt 0:04:29]}
Ne7 {[%emt 0:04:17]} 10. Re1 {[%emt 0:00:14]} f5 {[%emt 0:07:50]} 11. Qb3 {
[%emt 0:07:15]} fxe4 {[%emt 0:11:58]} 12. Nxe4 {[%emt 0:00:55]} d5 {[%emt 0:01:
35]} 13. Ng3 {[%emt 0:01:06]} c6 {[%emt 0:05:00]} 14. Re2 {[%emt 0:06:15]} Qc7
{[%emt 0:10:38]} 15. h3 {[%emt 0:07:10]} h6 {[%emt 0:06:48]} 16. Rae1 {[%emt 0:
02:23]} Be6 {[%emt 0:02:12]} 17. Nh4 {[%emt 0:06:26]} Qd7 {[%emt 0:07:15]} 18.
Qc2 {[%emt 0:06:21]} c5 {[%emt 0:10:42]} 19. dxc5 {[%emt 0:02:30]} Rac8 {
[%emt 0:01:04]} 1/2-1/2

[Event "European School Championships"]
[Site "Rhodes, Greece"]
[Date "2022.04.28"]
[Round "8.1"]
[White "Seker, Bilgesu"]
[Black "Morkunaite, Adrijana"]
[Result "1-0"]
[WhiteElo "1691"]
[BlackElo "1242"]
[PlyCount "55"]
[EventDate "2022.04.21"]
[EventRounds "9"]

1. c4 {[%emt 0:00:02]} Nf6 {[%emt 0:00:42]} 2. Nc3 {[%emt 0:00:20]} g6 {
[%emt 0:00:12]} 3. e4 {[%emt 0:00:36]} e5 {[%emt 0:01:27]} 4. g3 {[%emt 0:01:
23]} Bg7 {[%emt 0:00:48]} 5. Bg2 d6 {[%emt 0:02:24]} 6. Nge2 O-O {[%emt 0:06:
32]} 7. O-O Nc6 {[%emt 0:06:24]} 8. d3 Bd7 {[%emt 0:04:13]} 9. h3 Qc8 {[%emt 0:
03:21]} 10. Kh2 {[%emt 0:01:31]} Ne7 {[%emt 0:06:11]} 11. Be3 {[%emt 0:08:09]}
c6 {[%emt 0:02:29]} 12. d4 {[%emt 0:03:26]} Ne8 {[%emt 0:07:01]} 13. dxe5 {
[%emt 0:21:02]} dxe5 {[%emt 0:04:01]} 14. Bc5 {[%emt 0:01:03]} Qd8 {[%emt 0:02:
59]} 15. Qd2 {[%emt 0:04:32]} f5 {[%emt 0:06:43]} 16. exf5 {[%emt 0:05:17]}
gxf5 {[%emt 0:00:56]} 17. Rad1 {[%emt 0:06:23]} Nf6 {[%emt 0:01:32]} 18. Bd6 {
[%emt 0:01:14]} Be6 {[%emt 0:02:48]} 19. c5 {[%emt 0:08:48]} Nd7 {[%emt 0:07:
23]} 20. f4 {[%emt 0:02:17]} e4 {[%emt 0:02:58]} 21. Nd4 {[%emt 0:01:14]} Bc4 {
[%emt 0:02:31]} 22. Rfe1 {[%emt 0:00:37]} Re8 {[%emt 0:02:19]} 23. Bxe7 {
[%emt 0:01:37]} Rxe7 {[%emt 0:07:17]} 24. Nxf5 {[%emt 0:00:18]} Bxc3 {[%emt 0:
02:41]} 25. Qxc3 {[%emt 0:02:32]} Bd5 {[%emt 0:01:01]} 26. Nh6+ {[%emt 0:00:59]
} Kf8 {[%emt 0:00:32]} 27. Qh8+ {[%emt 0:00:05]} Bg8 {[%emt 0:00:15]} 28. Qxg8#
{[%emt 0:00:05]} 1-0

[Event "European School Championships"]
[Site "Rhodes, Greece"]
[Date "2022.04.25"]
[Round "5.1"]
[White "Zahariev, Velislav"]
[Black "Jakhria, Kushal"]
[Result "1/2-1/2"]
[WhiteElo "1139"]
[BlackElo "1392"]
[PlyCount "162"]
[EventDate "2022.04.21"]
[EventRounds "9"]

1. e4 c5 {[%emt 0:00:06]} 2. Nf3 {[%emt 0:00:05]} Nc6 {[%emt 0:00:06]} 3. d4 {
[%emt 0:00:14]} cxd4 {[%emt 0:00:05]} 4. Nxd4 {[%emt 0:00:13]} Nf6 {[%emt 0:00:
05]} 5. Nc3 {[%emt 0:00:47]} e5 {[%emt 0:00:06]} 6. Ndb5 {[%emt 0:00:53]} d6 {
[%emt 0:00:08]} 7. Nd5 {[%emt 0:00:17]} Nxd5 {[%emt 0:00:09]} 8. exd5 {[%emt 0:
00:19]} Nb8 {[%emt 0:00:04]} 9. Qf3 {[%emt 0:00:55]} a6 {[%emt 0:00:07]} 10.
Qa3 {[%emt 0:00:46]} b6 {[%emt 0:00:08]} 11. Bg5 {[%emt 0:07:18]} f6 {[%emt 0:
00:05]} 12. Bd2 {[%emt 0:00:14]} Bb7 {[%emt 0:00:11]} 13. Nc3 {[%emt 0:00:58]}
Be7 {[%emt 0:00:20]} 14. g4 {[%emt 0:04:05]} O-O {[%emt 0:10:37]} 15. Bd3 {
[%emt 0:03:50]} Nd7 {[%emt 0:02:32]} 16. O-O-O {[%emt 0:03:14]} Nc5 {[%emt 0:
04:53]} 17. Be2 {[%emt 0:04:11]} b5 {[%emt 0:04:31]} 18. Be3 {[%emt 0:14:49]}
Rb8 {[%emt 0:04:58]} 19. Bf3 {[%emt 0:10:29]} Qc7 {[%emt 0:00:54]} 20. h4 {
[%emt 0:09:40]} Rfc8 {[%emt 0:06:42]} 21. Rd2 {[%emt 0:06:14]} Nd7 {[%emt 0:02:
58]} 22. Be2 {[%emt 0:06:10]} Nb6 {[%emt 0:01:47]} 23. Bxb6 {[%emt 0:04:48]}
Qxb6 {[%emt 0:00:26]} 24. Ne4 {[%emt 0:00:34]} a5 {[%emt 0:02:36]} 25. Qe3 {
[%emt 0:02:26]} Qxe3 {[%emt 0:01:08]} 26. fxe3 {[%emt 0:00:04]} Ba6 {[%emt 0:
00:34]} 27. a4 {[%emt 0:00:43]} Rb6 {[%emt 0:00:15]} 28. axb5 {[%emt 0:01:29]}
Bxb5 {[%emt 0:00:07]} 29. Bxb5 {[%emt 0:00:45]} Rxb5 {[%emt 0:00:06]} 30. Rd3 {
[%emt 0:01:44]} Rcb8 {[%emt 0:01:44]} 31. b3 {[%emt 0:00:38]} Rb4 {[%emt 0:05:
26]} 32. Nf2 {[%emt 0:00:17]} Rc8 {[%emt 0:02:13]} 33. Kb2 {[%emt 0:00:43]} Bd8
{[%emt 0:01:44]} 34. Rc3 {[%emt 0:01:19]} Rxc3 {[%emt 0:00:28]} 35. Kxc3 {
[%emt 0:00:03]} Bb6 {[%emt 0:00:07]} 36. Kd3 {[%emt 0:00:33]} Rb5 {[%emt 0:01:
10]} 37. Ke4 {[%emt 0:00:54]} a4 {[%emt 0:06:38]} 38. bxa4 {[%emt 0:01:04]}
Rb4+ {[%emt 0:00:14]} 39. Kf3 {[%emt 0:00:34]} Rxa4 {[%emt 0:00:50]} 40. Rb1 {
[%emt 0:00:33]} Bc5 {[%emt 0:00:25]} 41. Ne4 {[%emt 0:00:24]} Ra5 {[%emt 0:01:
38]} 42. Rb7 {[%emt 0:03:16]} Ba7 {[%emt 0:25:04]} 43. Nxd6 {[%emt 0:02:42]}
Rxd5 {[%emt 0:00:16]} 44. Rxa7 {[%emt 0:00:33]} Rxd6 {[%emt 0:00:11]} 45. Rc7 {
[%emt 0:00:56]} g6 {[%emt 0:01:06]} 46. c4 {[%emt 0:01:06]} f5 {[%emt 0:00:39]}
47. gxf5 {[%emt 0:01:02]} gxf5 {[%emt 0:00:13]} 48. Re7 {[%emt 0:01:59]} Rc6 {
[%emt 0:00:39]} 49. Rxe5 {[%emt 0:01:10]} Rxc4 {[%emt 0:00:18]} 50. h5 {
[%emt 0:00:20]} f4 {[%emt 0:02:55]} 51. exf4 {[%emt 0:00:09]} Kf7 {[%emt 0:00:
31]} 52. Re4 {[%emt 0:01:06]} Rc5 {[%emt 0:00:30]} 53. Kg4 {[%emt 0:00:44]} Kf6
{[%emt 0:00:23]} 54. Ra4 {[%emt 0:01:06]} Rc6 {[%emt 0:01:58]} 55. Ra7 {
[%emt 0:01:15]} Rc1 {[%emt 0:02:24]} 56. Rxh7 {[%emt 0:00:37]} Rg1+ {[%emt 0:
00:08]} 57. Kf3 {[%emt 0:00:31]} Rf1+ {[%emt 0:00:35]} 58. Kg3 {[%emt 0:00:12]}
Rg1+ {[%emt 0:00:27]} 59. Kf2 {[%emt 0:00:13]} Ra1 {[%emt 0:00:51]} 60. Rh8 {
[%emt 0:01:21]} Ra2+ {[%emt 0:00:17]} 61. Kg3 {[%emt 0:01:05]} Kg7 {[%emt 0:02:
20]} 62. Rb8 {[%emt 0:00:29]} Ra3+ {[%emt 0:00:40]} 63. Kg4 {[%emt 0:00:10]}
Ra1 {[%emt 0:00:12]} 64. Rb3 {[%emt 0:00:25]} Ra4 {[%emt 0:01:12]} 65. Kg5 {
[%emt 0:00:21]} Ra1 {[%emt 0:01:07]} 66. Rb7+ {[%emt 0:00:29]} Kg8 {[%emt 0:00:
09]} 67. f5 {[%emt 0:01:10]} Rg1+ {[%emt 0:00:33]} 68. Kf6 {[%emt 0:00:26]} Ra1
{[%emt 0:00:32]} 69. Rb8+ {[%emt 0:02:55]} Kh7 {[%emt 0:00:09]} 70. Re8 {
[%emt 0:01:45]} Rf1 {[%emt 0:00:46]} 71. Re5 {[%emt 0:03:25]} Kh6 {[%emt 0:01:
48]} 72. Ke7 {[%emt 0:00:32]} Kxh5 {[%emt 0:00:21]} 73. f6+ {[%emt 0:00:15]}
Kg6 {[%emt 0:00:11]} 74. Re6 {[%emt 0:00:18]} Rf2 {[%emt 0:00:18]} 75. Re1 {
[%emt 0:01:11]} Ra2 {[%emt 0:01:26]} 76. f7 {[%emt 0:01:04]} Ra7+ {[%emt 0:00:
16]} 77. Ke8 {[%emt 0:01:13]} Ra8+ {[%emt 0:00:11]} 78. Ke7 {[%emt 0:00:38]}
Ra7+ {[%emt 0:00:08]} 79. Ke8 {[%emt 0:00:16]} Ra8+ {[%emt 0:00:12]} 80. Ke7 {
[%emt 0:00:10]} Ra7+ {[%emt 0:00:08]} 81. Ke8 {[%emt 0:00:10]} Ra8+ {[%emt 0:
00:08]} 1/2-1/2

[Event "European School Championships"]
[Site "Rhodes, Greece"]
[Date "2022.04.21"]
[Round "1.1"]
[White "Tsulaia, Nika"]
[Black "Sofronie, Vladimir"]
[Result "0-1"]
[WhiteElo "1084"]
[BlackElo "1743"]
[PlyCount "112"]
[EventDate "2022.04.21"]
[EventRounds "9"]

1. e4 {[%emt 0:00:04]} d6 {[%emt 0:01:33]} 2. d4 {[%emt 0:00:19]} g6 {[%emt 0:
00:09]} 3. Nc3 {[%emt 0:01:33]} Bg7 {[%emt 0:00:56]} 4. Bg5 {[%emt 0:03:48]} h6
{[%emt 0:01:53]} 5. Be3 {[%emt 0:01:00]} a6 {[%emt 0:03:31]} 6. Bc4 {[%emt 0:
02:57]} b5 {[%emt 0:03:54]} 7. Bb3 {[%emt 0:03:18]} e6 {[%emt 0:01:08]} 8. Qe2
{[%emt 0:01:48]} Bb7 {[%emt 0:02:40]} 9. O-O-O {[%emt 0:01:38]} b4 {[%emt 0:00:
55]} 10. Ba4+ {[%emt 0:02:50]} Nd7 {[%emt 0:00:15]} 11. Nb1 {[%emt 0:01:51]}
Bxe4 {[%emt 0:01:39]} 12. f3 {[%emt 0:01:40]} Bd5 {[%emt 0:00:53]} 13. Nh3 {
[%emt 0:01:07]} Ne7 {[%emt 0:00:17]} 14. Nf4 {[%emt 0:01:41]} O-O {[%emt 0:00:
48]} 15. h4 {[%emt 0:01:21]} Nb6 {[%emt 0:01:36]} 16. Nxd5 {[%emt 0:01:57]}
Nbxd5 {[%emt 0:00:34]} 17. f4 {[%emt 0:01:56]} Nf5 {[%emt 0:01:19]} 18. Bf2 {
[%emt 0:02:14]} Nxf4 {[%emt 0:01:01]} 19. Qf3 {[%emt 0:00:39]} Nd5 {[%emt 0:02:
34]} 20. Bc6 {[%emt 0:00:29]} Rb8 {[%emt 0:00:36]} 21. Bxd5 {[%emt 0:00:29]}
exd5 {[%emt 0:00:08]} 22. Qxd5 {[%emt 0:02:03]} Rb5 {[%emt 0:00:40]} 23. Qf3 {
[%emt 0:00:45]} Ra5 {[%emt 0:02:15]} 24. g3 {[%emt 0:02:42]} d5 {[%emt 0:05:31]
} 25. Rhe1 {[%emt 0:01:28]} Nd6 {[%emt 0:01:15]} 26. h5 {[%emt 0:01:31]} Ne4 {
[%emt 0:01:33]} 27. Be3 {[%emt 0:00:46]} g5 {[%emt 0:00:34]} 28. Nd2 {[%emt 0:
02:02]} f5 {[%emt 0:01:28]} 29. Kb1 {[%emt 0:03:27]} Qd7 {[%emt 0:00:44]} 30.
Nb3 {[%emt 0:01:06]} Rb5 {[%emt 0:01:09]} 31. Bd2 {[%emt 0:01:46]} Qd6 {
[%emt 0:00:59]} 32. Re3 {[%emt 0:00:48]} a5 {[%emt 0:01:36]} 33. Nc1 {[%emt 0:
00:44]} c6 {[%emt 0:02:44]} 34. Rd3 {[%emt 0:01:24]} Qb8 {[%emt 0:02:53]} 35.
Be1 {[%emt 0:00:11]} Rb7 {[%emt 0:01:19]} 36. Bf2 {[%emt 0:01:58]} f4 {[%emt 0:
02:28]} 37. g4 {[%emt 0:02:03]} a4 {[%emt 0:00:22]} 38. Ne2 {[%emt 0:01:53]}
Rb6 {[%emt 0:02:21]} 39. Nc1 {[%emt 0:01:01]} Qb7 {[%emt 0:02:21]} 40. b3 {
[%emt 0:00:11]} Nc3+ {[%emt 0:00:30]} 41. Rxc3 {[%emt 0:00:49]} bxc3 {[%emt 0:
00:03]} 42. Qxc3 {[%emt 0:00:13]} Rc8 {[%emt 0:00:48]} 43. Nd3 {[%emt 0:00:21]}
axb3 {[%emt 0:00:48]} 44. cxb3 {[%emt 0:00:21]} Rb5 {[%emt 0:00:59]} 45. Nc5 {
[%emt 0:01:27]} Qf7 {[%emt 0:00:53]} 46. Re1 {[%emt 0:02:08]} Re8 {[%emt 0:01:
16]} 47. Rc1 {[%emt 0:01:16]} Re2 {[%emt 0:01:20]} 48. Nd3 {[%emt 0:00:24]} Qa7
{[%emt 0:03:55]} 49. a4 {[%emt 0:01:05]} Qxa4 {[%emt 0:01:20]} 50. Rc2 {
[%emt 0:02:08]} Rxb3+ {[%emt 0:00:37]} 51. Nb2 {[%emt 0:00:15]} Rxc3 {[%emt 0:
00:11]} 52. Nxa4 {[%emt 0:00:09]} Rcxc2 {[%emt 0:00:05]} 53. Be1 {[%emt 0:00:
59]} Bxd4 {[%emt 0:00:30]} 54. Bd2 {[%emt 0:01:23]} Rcxd2 {[%emt 0:01:01]} 55.
Nb2 {[%emt 0:00:33]} Rxb2+ {[%emt 0:00:16]} 56. Kc1 {[%emt 0:00:14]} Re1# {
[%emt 0:00:09]} 0-1

[Event "European School Championships"]
[Site "Rhodes, Greece"]
[Date "2022.04.22"]
[Round "2.1"]
[White "Sofronie, Vladimir"]
[Black "Odabasi, Ruzgar"]
[Result "1-0"]
[WhiteElo "1743"]
[BlackElo "1251"]
[PlyCount "37"]
[EventDate "2022.04.21"]
[EventRounds "9"]

1. d4 {[%emt 0:00:03]} Nf6 {[%emt 0:00:23]} 2. Bf4 {[%emt 0:00:50]} e6 {
[%emt 0:00:31]} 3. e3 {[%emt 0:00:42]} c5 {[%emt 0:00:34]} 4. Nc3 {[%emt 0:00:
53]} d5 {[%emt 0:02:50]} 5. Qf3 {[%emt 0:00:15]} Qb6 {[%emt 0:03:00]} 6. O-O-O
{[%emt 0:00:57]} Nbd7 {[%emt 0:04:18]} 7. Nb5 {[%emt 0:00:43]} e5 {[%emt 0:02:
27]} 8. dxe5 {[%emt 0:00:58]} a6 {[%emt 0:01:23]} 9. Nc3 {[%emt 0:00:52]} d4 {
[%emt 0:02:32]} 10. exd4 {[%emt 0:03:23]} cxd4 {[%emt 0:01:16]} 11. Na4 {
[%emt 0:02:51]} Qb4 {[%emt 0:01:22]} 12. exf6 {[%emt 0:00:24]} Qxa4 {[%emt 0:
00:20]} 13. Re1+ {[%emt 0:00:07]} Kd8 {[%emt 0:00:23]} 14. fxg7 {[%emt 0:00:21]
} Bxg7 {[%emt 0:00:25]} 15. Qg3 {[%emt 0:00:07]} Qa5 {[%emt 0:02:30]} 16. b4 {
[%emt 0:07:06]} Qb6 {[%emt 0:07:14]} 17. Qxg7 {[%emt 0:01:45]} Re8 {[%emt 0:01:
55]} 18. Rxe8+ {[%emt 0:00:55]} Kxe8 {[%emt 0:00:03]} 19. Bc4 {[%emt 0:01:20]}
1-0

[Event "European School Championships"]
[Site "Rhodes, Greece"]
[Date "2022.04.22"]
[Round "2.2"]
[White "Mihaylov, Bozhidar"]
[Black "Sason, Noam"]
[Result "1/2-1/2"]
[WhiteElo "1257"]
[BlackElo "1503"]
[PlyCount "92"]
[EventDate "2022.04.21"]
[EventRounds "9"]

1. e4 c5 {[%emt 0:00:41]} 2. c3 {[%emt 0:00:17]} d5 {[%emt 0:00:55]} 3. exd5 {
[%emt 0:00:07]} Qxd5 {[%emt 0:00:05]} 4. d4 {[%emt 0:00:04]} Nf6 {[%emt 0:01:
39]} 5. Nf3 {[%emt 0:00:06]} Bg4 {[%emt 0:01:09]} 6. Be2 {[%emt 0:00:08]} e6 {
[%emt 0:00:27]} 7. O-O {[%emt 0:00:16]} Be7 {[%emt 0:01:17]} 8. h3 {[%emt 0:01:
08]} Bh5 {[%emt 0:00:28]} 9. Be3 {[%emt 0:01:36]} cxd4 {[%emt 0:01:25]} 10.
cxd4 {[%emt 0:00:16]} O-O {[%emt 0:01:08]} 11. Nc3 {[%emt 0:00:17]} Qd6 {
[%emt 0:01:41]} 12. a3 {[%emt 0:00:53]} Nc6 {[%emt 0:01:22]} 13. Rc1 {[%emt 0:
06:11]} Rfd8 14. Nb5 {[%emt 0:05:46]} Qd7 {[%emt 0:03:12]} 15. Re1 {[%emt 0:09:
01]} a6 {[%emt 0:01:31]} 16. Nc3 {[%emt 0:00:17]} Bxf3 {[%emt 0:22:35]} 17.
Bxf3 {[%emt 0:00:07]} Nxd4 {[%emt 0:02:11]} 18. Bxd4 {[%emt 0:00:22]} Qxd4 {
[%emt 0:00:09]} 19. Qxd4 {[%emt 0:00:10]} Rxd4 20. Bxb7 {[%emt 0:01:12]} Rb8 {
[%emt 0:00:50]} 21. Bxa6 {[%emt 0:02:17]} Rxb2 {[%emt 0:00:07]} 22. a4 {
[%emt 0:00:22]} Rdd2 {[%emt 0:00:39]} 23. Ne2 {[%emt 0:04:21]} Nd5 {[%emt 0:06:
59]} 24. Rcd1 {[%emt 0:02:40]} g6 {[%emt 0:06:24]} 25. Rxd2 {[%emt 0:02:04]}
Rxd2 {[%emt 0:00:37]} 26. Ng3 {[%emt 0:00:32]} Nc3 {[%emt 0:01:22]} 27. Ne4 {
[%emt 0:01:11]} Nxe4 {[%emt 0:00:36]} 28. Rxe4 {[%emt 0:00:30]} Bc5 {[%emt 0:
00:14]} 29. Re2 {[%emt 0:00:09]} Rd4 {[%emt 0:01:17]} 30. Ra2 {[%emt 0:00:36]}
e5 {[%emt 0:01:19]} 31. a5 {[%emt 0:00:43]} Rf4 {[%emt 0:01:33]} 32. g3 {
[%emt 0:00:36]} Rf3 {[%emt 0:00:19]} 33. Bb7 {[%emt 0:00:41]} Rxg3+ {[%emt 0:
00:09]} 34. Kh2 {[%emt 0:00:11]} Ra3 {[%emt 0:01:59]} 35. Rxa3 {[%emt 0:00:55]}
Bxa3 {[%emt 0:00:08]} 36. a6 {[%emt 0:00:12]} Bc5 {[%emt 0:00:04]} 37. Kg3 {
[%emt 0:00:12]} f5 {[%emt 0:00:31]} 38. f3 {[%emt 0:00:04]} Kf7 {[%emt 0:00:34]
} 39. h4 {[%emt 0:00:35]} Ke6 {[%emt 0:02:11]} 40. Kg2 {[%emt 0:01:05]} Kd7 {
[%emt 0:01:45]} 41. Bd5 {[%emt 0:00:27]} Ke7 {[%emt 0:01:22]} 42. Kg3 {[%emt 0:
00:50]} Kf6 {[%emt 0:01:17]} 43. Bb7 {[%emt 0:01:22]} h5 {[%emt 0:00:50]} 44.
Bc6 {[%emt 0:00:21]} g5 {[%emt 0:00:13]} 45. Be8 {[%emt 0:00:40]} e4 {[%emt 0:
01:31]} 46. fxe4 {[%emt 0:00:18]} fxe4 {[%emt 0:00:50]} 1/2-1/2

[Event "European School Championships"]
[Site "Rhodes, Greece"]
[Date "2022.04.22"]
[Round "2.3"]
[White "Mahapatra, Samyakk"]
[Black "Skytte, Robert"]
[Result "0-1"]
[WhiteElo "1234"]
[BlackElo "1437"]
[PlyCount "66"]
[EventDate "2022.04.21"]
[EventRounds "9"]

1. d4 {[%emt 0:00:01]} d5 {[%emt 0:00:08]} 2. Bf4 {[%emt 0:00:10]} c5 {[%emt 0:
01:08]} 3. e3 Nc6 {[%emt 0:00:09]} 4. c3 {[%emt 0:00:21]} Qb6 {[%emt 0:00:16]}
5. Qc2 {[%emt 0:00:22]} Bf5 {[%emt 0:00:15]} 6. Bd3 {[%emt 0:00:47]} Bxd3 {
[%emt 0:00:13]} 7. Qb3 {[%emt 0:00:40]} Qxb3 {[%emt 0:00:29]} 8. axb3 {[%emt 0:
00:14]} cxd4 {[%emt 0:00:19]} 9. exd4 {[%emt 0:00:30]} Bxb1 {[%emt 0:00:13]}
10. Rxb1 {[%emt 0:00:11]} e6 {[%emt 0:00:44]} 11. Nf3 {[%emt 0:00:14]} Nf6 {
[%emt 0:00:19]} 12. O-O {[%emt 0:00:22]} O-O-O {[%emt 0:00:27]} 13. b4 {
[%emt 0:00:15]} b5 {[%emt 0:01:03]} 14. Rbc1 {[%emt 0:01:00]} Bd6 {[%emt 0:00:
13]} 15. Ne5 {[%emt 0:00:37]} Bxe5 {[%emt 0:00:19]} 16. dxe5 {[%emt 0:00:20]}
Nh5 {[%emt 0:00:32]} 17. g3 {[%emt 0:01:18]} Nxf4 {[%emt 0:00:16]} 18. gxf4 {
[%emt 0:00:14]} g5 {[%emt 0:00:18]} 19. fxg5 {[%emt 0:00:49]} Nxe5 {[%emt 0:00:
12]} 20. f4 {[%emt 0:01:45]} Nd3 {[%emt 0:00:36]} 21. Rc2 {[%emt 0:00:33]} e5 {
[%emt 0:01:03]} 22. fxe5 {[%emt 0:01:02]} Nxe5 {[%emt 0:00:09]} 23. Rf5 {
[%emt 0:06:03]} Rhe8 {[%emt 0:00:39]} 24. Kf2 {[%emt 0:06:59]} Nd3+ {[%emt 0:
00:20]} 25. Kf3 {[%emt 0:00:34]} Ne1+ {[%emt 0:00:08]} 26. Kf4 {[%emt 0:00:22]}
Nxc2 {[%emt 0:00:07]} 27. Rxf7 {[%emt 0:00:24]} Rf8 {[%emt 0:00:09]} 28. Ke5 {
[%emt 0:00:27]} Rxf7 {[%emt 0:00:27]} 29. Ke6 {[%emt 0:00:18]} Rf1 {[%emt 0:00:
24]} 30. h4 {[%emt 0:00:31]} Kc7 {[%emt 0:00:46]} 31. b3 {[%emt 0:00:43]} Re8+
{[%emt 0:00:11]} 32. Kxd5 {[%emt 0:00:24]} Kb6 {[%emt 0:00:09]} 33. g6 {
[%emt 0:27:28]} Rd1# {[%emt 0:00:44]} 0-1

[Event "European School Championships"]
[Site "Rhodes, Greece"]
[Date "2022.04.22"]
[Round "2.5"]
[White "Anakok, Deniz"]
[Black "Popescu, Rares-Stefan"]
[Result "1-0"]
[WhiteElo "1396"]
[BlackElo "1217"]
[PlyCount "45"]
[EventDate "2022.04.21"]
[EventRounds "9"]

1. e4 {[%emt 0:00:02]} e5 {[%emt 0:00:20]} 2. Nf3 {[%emt 0:00:10]} Nc6 {
[%emt 0:00:16]} 3. Nc3 {[%emt 0:01:04]} g6 {[%emt 0:00:18]} 4. d4 {[%emt 0:03:
10]} exd4 {[%emt 0:00:28]} 5. Nxd4 {[%emt 0:00:31]} Bg7 {[%emt 0:00:56]} 6. Be3
{[%emt 0:06:39]} Nge7 {[%emt 0:00:34]} 7. Qd2 {[%emt 0:05:48]} O-O {[%emt 0:02:
29]} 8. O-O-O {[%emt 0:01:42]} d6 {[%emt 0:03:17]} 9. h4 {[%emt 0:04:37]} h5 {
[%emt 0:04:36]} 10. Be2 {[%emt 0:00:52]} a6 {[%emt 0:02:34]} 11. g4 {[%emt 0:
01:46]} Bxg4 {[%emt 0:01:34]} 12. Bxg4 {[%emt 0:00:21]} hxg4 {[%emt 0:00:15]}
13. h5 {[%emt 0:00:34]} Bh8 {[%emt 0:08:57]} 14. hxg6 {[%emt 0:02:13]} Nxg6 {
[%emt 0:02:26]} 15. Nf5 {[%emt 0:01:44]} Re8 {[%emt 0:04:17]} 16. Rdg1 {
[%emt 0:04:34]} Nce5 {[%emt 0:01:48]} 17. Bd4 {[%emt 0:03:19]} Qf6 {[%emt 0:11:
57]} 18. Nd5 {[%emt 0:00:45]} Qd8 {[%emt 0:00:22]} 19. Rxh8+ {[%emt 0:00:53]}
Nxh8 {[%emt 0:02:21]} 20. Qh6 {[%emt 0:00:30]} Qg5+ {[%emt 0:01:47]} 21. Qxg5+
{[%emt 0:00:15]} Nhg6 {[%emt 0:00:13]} 22. Nf6+ {[%emt 0:00:24]} Kf8 {[%emt 0:
00:18]} 23. Qh6# {[%emt 0:00:09]} 1-0